000 00693nam a2200289Ia 4500
005 20260324130357.0
008 008 260324s9999 xx 000 0 eng d
020 _a9780429475191
037 _aEBOOK
040 _aCRL
040 _beng
040 _cCRL
041 _2eng
041 _aeng
084 _qCRL
100 _aPaul W. Ashton
_91181527
245 0 _aFrom the Brink
245 0 _bExperiences of the Void from a Depth Psychology Perspective
260 _bTaylor and Francis
260 _c2007
365 _a
365 _b180
856 _uhttp://www.taylorfrancis.com/books/9780429475191
942 _cEBOOK
999 _c1777675
_d1777675